Statistics for Half life 2 Тест по главам

Click here to take the quiz!

General Stats

  • This quiz has been taken 84 times
  • The average score is 8 of 14

Answer Stats

Ответ:% Correct
Глава 9Нова Проспект
75%
Глава 6Мы не ходим в Рейвенхольм
69%
Глава 7Шоссе 17
69%
Глава 5Восточная Чёрная Меза
64%
Глава 2Великий день
63%
Глава 3Через каналы
63%
Глава 4Водная преграда
61%
Глава 8Песчаные ловушки
61%
Глава 12За Фрименом
54%
Глава 11Нарушитель номер один
52%
Глава 14Темная энергия
46%
Глава 13Наши Покровители
45%
Глава 10Запутанность
39%
Глава 1Точка внедрения
28%

Score Distribution

Percentile by Number Answered

Percent of People with Each Score

Your Score History

You have not taken this quiz